000 00305nam a2200109Ia 4500
008 200626s9999 xx 000 0 und d
020 _a0-130-98030-7
245 _aInstructor quick start guide/
260 _aNew Jersey:
_bPearson Education, Inc.
_c2001
300 _aiv, 66 pages
500 _aIncludes Index
999 _c363902
_d363902